[Event "Donau op 28th"]
[Site "Aschach"]
[Date "2019.12.26"]
[Round "1"]
[White "Mazur, Stefan"]
[Black "Ganglberger, Robert"]
[Result "1-0"]
[WhiteElo "2444"]
[BlackElo "2047"]
[PlyCount "34"]
[EventDate "2019.12.26"]
[EventType "swiss"]
[EventRounds "7"]
[EventCountry "AUT"]
[SourceTitle "CBM 194 Extra"]
[Source "ChessBase"]
[SourceDate "2020.03.31"]
[SourceVersion "1"]
[SourceVersionDate "2020.03.31"]
[SourceQuality "1"]

1. e4 c5 2. Nf3 Nc6 3. d4 cxd4 4. Nxd4 e5 5. Nb5 d6 6. N1c3 a6 7. Na3 Nf6 8. Bg5 Be7 9. Nc4 b5 10. Bxf6 gxf6 11. Ne3 Nd4 12. Ncd5 Bb7 13. c3 Ne6 14. a4 bxa4 15. Bc4 Rc8 16. Qh5 Rg8 17. Qxh7 Rxg2 1-0

[Event "Feffernitz op 27th"]
[Site "Feffernitz"]
[Date "2018.08.20"]
[Round "3"]
[White "Ganglberger, Robert"]
[Black "Levin, Felix"]
[Result "0-1"]
[WhiteElo "2053"]
[BlackElo "2480"]
[PlyCount "64"]
[EventDate "2018.08.19"]
[EventType "swiss"]
[EventRounds "9"]
[EventCountry "AUT"]
[SourceTitle "CBM 186 Extra"]
[Source "ChessBase"]
[SourceDate "2018.08.24"]
[SourceVersion "1"]
[SourceVersionDate "2018.08.24"]
[SourceQuality "1"]

1. c4 e6 2. Nc3 b6 3. e4 Bb7 4. Nf3 Bb4 5. d3 Bxc3+ 6. bxc3 Ne7 7. Be2 0-0 8. 0-0 d6 9. Rb1 Nd7 10. Ba3 Ng6 11. Nd4 c5 12. Nc2 f5 13. exf5 Rxf5 14. Bg4 Rf6 15. Bc1 h6 16. f4 Qc7 17. Qe2 Kh7 18. Bd2 Nh4 19. Ne3 Raf8 20. g3 Qc6 21. Kf2 Ne5 22. Ke1 Nhf3+ 23. Kd1 Qa4+ 24. Kc1 Qa3+ 25. Rb2 Nxh2 26. fxe5 Rxf1+ 27. Nxf1 Rxf1+ 28. Kc2 Qa4+ 29. Rb3 Qxa2+ 30. Rb2 Qa4+ 31. Rb3 Bc6 32. Be1 Nxg4 0-1

[Event "AUT-chT2M 1516"]
[Site "Austria"]
[Date "2015.11.15"]
[Round "5.2"]
[White "Ganglberger, Robert"]
[Black "Knoll, Hermann"]
[Result "0-1"]
[WhiteElo "2043"]
[BlackElo "2319"]
[PlyCount "130"]
[EventDate "2015.10.02"]
[EventType "team-tourn"]
[EventRounds "11"]
[EventCountry "AUT"]
[SourceTitle "EXT 2017"]
[Source "ChessBase"]
[SourceDate "2016.10.25"]
[SourceVersion "1"]
[SourceVersionDate "2016.10.25"]
[SourceQuality "1"]
[WhiteTeam "Hartkirchen Union"]
[BlackTeam "Ansfelden"]
[WhiteTeamCountry "AUT"]
[BlackTeamCountry "AUT"]

1. d4 f5 2. c4 Nf6 3. Nf3 g6 4. Nc3 Bg7 5. Qc2 0-0 6. e3 d6 7. Be2 Nc6 8. a3 e5 9. d5 Ne7 10. 0-0 h6 11. b4 g5 12. Bb2 Ng6 13. Nd2 g4 14. Rfe1 Rf7 15. Bd3 Nh7 16. Nf1 h5 17. Ng3 Qg5 18. e4 f4 19. Nf5 h4 20. c5 Bf8 21. cxd6 cxd6 22. Nb5 Qd8 23. Rac1 Ng5 24. Nxa7 Bd7 25. Nb5 Bxb5 26. Bxb5 h3 27. Be2 f3 28. gxf3 gxf3 29. Bd1 Nf4 30. Re3 Qf6 31. Bxf3 Kh8 32. Bg4 Bh6 33. Rc3 Rg8 34. Nxh6 Qxh6 35. Rc8 Rfg7 36. Qd1 Nxe4 37. Rxg8+ Rxg8 38. Rc8 Qh4 39. Rxg8+ Kxg8 40. Qf3 Nf6 41. Be6+ Kf8 42. Bc1 Qg5+ 43. Kf1 Qg2+ 44. Qxg2 hxg2+ 45. Kg1 Ne2+ 46. Kxg2 Nxc1 47. a4 Nd3 48. Bc8 Nxd5 49. Bxb7 N3xb4 50. Bxd5 Nxd5 51. a5 Nb4 52. Kf3 Kf7 53. h4 d5 54. h5 Kf6 55. Ke3 Na6 56. f4 e4 57. Kd4 Kf5 58. Ke3 Nb8 59. Kd4 Nc6+ 60. Kxd5 e3 61. Kxc6 e2 62. a6 e1Q 63. Kb7 Qb4+ 64. Kc7 Qa5+ 65. Kb7 Qb5+ 0-1

[Event "AUT-chT2M 1415"]
[Site "Austria"]
[Date "2014.10.04"]
[Round "2.1"]
[White "Ganglberger, Robert"]
[Black "Mostbauer, Florian"]
[Result "1/2-1/2"]
[WhiteElo "2050"]
[BlackElo "2171"]
[PlyCount "81"]
[EventDate "2014.10.03"]
[EventType "team-tourn"]
[EventRounds "11"]
[EventCountry "AUT"]
[SourceTitle "EXT 2015"]
[Source "ChessBase"]
[SourceDate "2014.11.20"]
[SourceVersion "1"]
[SourceVersionDate "2014.11.20"]
[SourceQuality "1"]
[WhiteTeam "Hartkirchen"]
[BlackTeam "Ansfelden"]
[WhiteTeamCountry "AUT"]
[BlackTeamCountry "AUT"]

1. d4 d5 2. Nf3 Nf6 3. e3 Bf5 4. c4 c6 5. Nc3 e6 6. Be2 Bd6 7. 0-0 0-0 8. Nh4 dxc4 9. Bxc4 Bg4 10. f3 Nd5 11. g3 Bh3 12. Ng2 Nb6 13. Bb3 c5 14. e4 cxd4 15. Qxd4 Nc6 16. Qf2 Qe7 17. Be3 Na5 18. Nb5 Nbc4 19. Nxd6 Nxe3 20. Qxe3 Bxg2 21. Rfd1 Bh3 22. Qc5 b6 23. Qh5 Nxb3 24. axb3 Rfd8 25. Nxf7 Qxf7 26. Qxh3 Qxf3 27. Qxe6+ Kh8 28. Rxd8+ Rxd8 29. Rf1 Qe3+ 30. Kh1 Qe2 31. Qc4 Qxc4 32. bxc4 Kg8 33. Kg2 Rd4 34. Kf3 Rxc4 35. Ke3 a5 36. e5 b5 37. Kd3 a4 38. e6 Rc8 39. e7 b4 40. Ra1 a3 41. bxa3 1/2-1/2

[Event "Donau op 22nd"]
[Site "Aschach"]
[Date "2013.12.26"]
[Round "1"]
[White "Ganglberger, Robert"]
[Black "Meskovs, Nikita"]
[Result "0-1"]
[WhiteElo "2058"]
[BlackElo "2431"]
[PlyCount "34"]
[EventDate "2013.12.26"]
[EventType "swiss"]
[EventRounds "7"]
[EventCountry "AUT"]
[SourceTitle "CBM 158 Extra"]
[Source "ChessBase"]
[SourceDate "2014.02.28"]
[SourceVersion "1"]
[SourceVersionDate "2014.02.28"]
[SourceQuality "1"]

1. c4 Nf6 2. Nc3 g6 3. g3 Bg7 4. Bg2 0-0 5. e3 c5 6. Nge2 Nc6 7. 0-0 d6 8. d3 Bd7 9. Rb1 Qc8 10. Nf4 e6 11. a3 Ne5 12. b3 Bc6 13. d4 Bxg2 14. dxe5 Ne4 15. Nxe4 Bxe4 16. Rb2 dxe5 17. Nd3 Qc6 0-1